Normal view
MARC view
- Powell, Kim,
Entry Personal Name
001 - CONTROL NUMBER
- control field: 9117
003 - CONTROL NUMBER IDENTIFIER
- control field: OSt
005 - DATE AND TIME OF LATEST TRANSACTION
- control field: 20181018083347.0
008 - FIXED-LENGTH DATA ELEMENTS
- fixed length control field: 181018|| aca||aabn | a|a d
040 ## - CATALOGING SOURCE
- Original cataloging agency: OSt
- Transcribing agency: OSt
100 ## - HEADING--PERSONAL NAME
- Personal name: Powell, Kim,
- Relator term: author.
670 ## - SOURCE DATA FOUND
- Source citation: Work cat.: (OSt): Botelho, Elena L. 9116, The CEO next door :

PORTAL AKMAL
E-MEL JKDM
AKMAL2U
G-BAM
u-PUSTAKA